[Event "ODJM A 2025"]
[Site "Willingen GER"]
[Date "2025.06.08"]
[Round "1"]
[White "Alheit, Maximilian"]
[Black "Kololli, Martin"]
[Result "0-1"]
[Termination "normal"]
[Board "1"]
[BlackTitle "FM"]
[WhiteElo "1884"]
[BlackElo "2311"]
[WhiteClock "00:03:03"]
[BlackClock "00:07:37"]
[PlyCount "66"]
[WhiteFideId "34607676"]
[BlackFideId "12936910"]
[EventCountry "GER"]
[EventRounds "9"]
[EventType "swiss"]
[EventDate "2025.06.07"]

1. e4 {[%clk 01:30:59]} {[%emt 00:00:01]} e5 {[%clk 01:30:53]} {[%emt
00:00:07]} 2. Nf3 {[%clk 01:31:26]} {[%emt 00:00:02]} Nc6 {[%clk 01:31:18]}
{[%emt 00:00:06]} 3. Bc4 {[%clk 01:31:51]} {[%emt 00:00:05]} Nf6 {[%clk
01:31:43]} {[%emt 00:00:04]} 4. d3 {[%clk 01:32:16]} {[%emt 00:00:06]} Be7
{[%clk 01:31:53]} {[%emt 00:00:20]} 5. Nbd2 {[%clk 01:32:35]} {[%emt 00:00:10]}
O-O {[%clk 01:31:39]} {[%emt 00:00:44]} 6. O-O {[%clk 01:32:52]} {[%emt
00:00:12]} d6 {[%clk 01:22:54]} {[%emt 00:09:16]} 7. a3 {[%clk 01:23:56]}
{[%emt 00:09:28]} Kh8 {[%clk 01:04:01]} {[%emt 00:19:21]} 8. Re1 {[%clk
01:15:36]} {[%emt 00:08:50]} Ng8 {[%clk 01:00:23]} {[%emt 00:04:09]} 9. c3
{[%clk 00:55:29]} {[%emt 00:20:36]} f5 {[%clk 00:57:12]} {[%emt 00:03:41]} 10.
Ba2 {[%clk 00:41:35]} {[%emt 00:14:24]} fxe4 {[%clk 00:49:59]} {[%emt
00:07:44]} 11. dxe4 {[%clk 00:41:49]} {[%emt 00:00:16]} Qe8 {[%clk 00:48:18]}
{[%emt 00:02:10]} 12. Nf1 {[%clk 00:34:40]} {[%emt 00:07:39]} Bg4 {[%clk
00:39:20]} {[%emt 00:09:28]} 13. Re3 {[%clk 00:33:58]} {[%emt 00:01:12]} Qg6
{[%clk 00:27:36]} {[%emt 00:12:14]} 14. Ng3 {[%clk 00:29:42]} {[%emt 00:04:46]}
Bg5 {[%clk 00:26:10]} {[%emt 00:01:56]} 15. Rd3 {[%clk 00:29:27]} {[%emt
00:00:45]} Bxc1 {[%clk 00:24:52]} {[%emt 00:01:48]} 16. Rxc1 {[%clk 00:28:51]}
{[%emt 00:01:06]} Rf4 {[%clk 00:23:12]} {[%emt 00:02:10]} 17. Bxg8 {[%emt
00:06:37]} Rxg8 {[%clk 00:22:30]} {[%emt 00:01:10]} 18. h3 {[%clk 00:12:19]}
{[%emt 00:10:57]} Bc8 {[%clk 00:19:43]} {[%emt 00:03:17]} 19. Re3 {[%clk
00:11:42]} {[%emt 00:01:07]} Rgf8 {[%clk 00:18:25]} {[%emt 00:01:47]} 20. Kh2
{[%clk 00:11:30]} {[%emt 00:00:43]} Qh6 {[%clk 00:17:31]} {[%emt 00:01:24]} 21.
Ne2 {[%clk 00:08:23]} {[%emt 00:03:37]} R4f6 {[%clk 00:15:04]} {[%emt
00:02:57]} 22. Ng3 {[%clk 00:08:23]} {[%emt 00:00:30]} g5 {[%clk 00:14:01]}
{[%emt 00:01:34]} 23. Kg1 {[%clk 00:08:13]} {[%emt 00:00:39]} g4 {[%clk
00:12:45]} {[%emt 00:01:46]} 24. hxg4 {[%clk 00:08:32]} {[%emt 00:00:11]} Bxg4
{[%clk 00:13:07]} {[%emt 00:00:08]} 25. Rc2 {[%clk 00:08:49]} {[%emt 00:00:13]}
Ne7 {[%clk 00:12:11]} {[%emt 00:01:27]} 26. c4 {[%clk 00:07:59]} {[%emt
00:01:20]} Nc6 {[%clk 00:09:36]} {[%emt 00:03:04]} 27. Rcc3 {[%clk 00:08:03]}
{[%emt 00:00:26]} Nd4 {[%clk 00:09:48]} {[%emt 00:00:19]} 28. Red3 {[%clk
00:04:07]} {[%emt 00:04:25]} Qg7 {[%clk 00:06:31]} {[%emt 00:03:47]} 29. Rxd4
{[%clk 00:01:55]} {[%emt 00:02:42]} exd4 {[%clk 00:06:53]} {[%emt 00:00:08]}
30. Qxd4 {[%clk 00:02:20]} {[%emt 00:00:05]} Bxf3 {[%clk 00:07:05]} {[%emt
00:00:18]} 31. gxf3 {[%clk 00:02:36]} {[%emt 00:00:13]} Rxf3 {[%clk 00:06:49]}
{[%emt 00:00:47]} 32. Qxg7+ {[%clk 00:02:41]} {[%emt 00:00:25]} Kxg7 {[%clk
00:07:14]} {[%emt 00:00:05]} 33. Nf5+ {[%clk 00:03:03]} {[%emt 00:00:08]} R8xf5
{[%clk 00:07:37]} {[%emt 00:00:07]} 0-1

[Event "ODJM A 2025"]
[Site "Willingen GER"]
[Date "2025.06.08"]
[Round "1"]
[White "Weber, Samuel"]
[Black "Retzlaff, Kian"]
[Result "1-0"]
[Termination "normal"]
[Board "2"]
[WhiteTitle "FM"]
[WhiteElo "2262"]
[BlackElo "1946"]
[WhiteClock "00:32:49"]
[BlackClock "00:26:00"]
[PlyCount "93"]
[WhiteFideId "12924008"]
[BlackFideId "34606700"]
[EventCountry "GER"]
[EventRounds "9"]
[EventType "swiss"]
[EventDate "2025.06.07"]

1. b3 {[%clk 01:30:32]} {[%emt 00:00:26]} Nf6 {[%clk 01:30:28]} {[%emt
00:00:32]} 2. Bb2 {[%clk 01:30:51]} {[%emt 00:00:12]} g6 {[%clk 01:30:51]}
{[%emt 00:00:08]} 3. Nf3 {[%clk 01:27:50]} {[%emt 00:03:30]} Bg7 {[%clk
01:30:56]} {[%emt 00:00:24]} 4. g3 {[%clk 01:26:17]} {[%emt 00:02:04]} O-O
{[%clk 01:30:44]} {[%emt 00:00:40]} 5. Bg2 {[%clk 01:26:00]} {[%emt 00:00:49]}
c5 {[%clk 01:22:12]} {[%emt 00:09:02]} 6. c4 {[%clk 01:24:11]} {[%emt
00:02:19]} Nc6 {[%clk 01:14:54]} {[%emt 00:07:48]} 7. O-O {[%clk 01:22:23]}
{[%emt 00:02:18]} d6 {[%clk 01:00:48]} {[%emt 00:14:37]} 8. d3 {[%clk
01:16:04]} {[%emt 00:06:48]} e5 {[%clk 00:58:50]} {[%emt 00:10:02]} 9. Nc3
{[%clk 01:13:06]} Be6 {[%clk 00:53:19]} {[%emt 00:01:55]} 10. Ng5 {[%clk
01:08:52]} {[%emt 00:04:44]} Bc8 {[%clk 00:49:22]} {[%emt 00:04:27]} 11. Qd2
{[%clk 00:55:59]} {[%emt 00:13:22]} h6 {[%clk 00:47:21]} {[%emt 00:02:32]} 12.
Nge4 {[%clk 00:51:45]} {[%emt 00:04:43]} Nxe4 {[%clk 00:43:43]} {[%emt
00:04:10]} 13. dxe4 {[%clk 00:46:58]} {[%emt 00:05:16]} Qd7 {[%clk 00:36:04]}
{[%emt 00:08:07]} 14. Rad1 {[%clk 00:46:11]} {[%emt 00:01:18]} Rd8 {[%clk
00:36:13]} {[%emt 00:00:22]} 15. Nd5 {[%clk 00:45:01]} {[%emt 00:01:42]} Ne7
{[%clk 00:33:16]} {[%emt 00:03:24]} 16. f4 {[%clk 00:41:32]} {[%emt 00:03:59]}
Nxd5 {[%clk 00:29:55]} {[%emt 00:03:52]} 17. Qxd5 {[%clk 00:29:45]} {[%emt
00:12:17]} exf4 {[%clk 00:24:07]} {[%emt 00:06:17]} 18. Bxg7 {[%clk 00:29:10]}
{[%emt 00:01:06]} Kxg7 {[%clk 00:24:29]} {[%emt 00:00:07]} 19. Rxf4 {[%clk
00:28:19]} {[%emt 00:01:22]} Qe6 {[%clk 00:22:52]} {[%emt 00:02:06]} 20. Rdf1
{[%clk 00:25:44]} {[%emt 00:03:06]} Qxd5 {[%clk 00:13:52]} {[%emt 00:09:29]}
21. cxd5 {[%clk 00:23:15]} {[%emt 00:03:01]} Rd7 {[%clk 00:11:17]} {[%emt
00:03:04]} 22. a4 {[%clk 00:14:54]} {[%emt 00:08:51]} b6 {[%clk 00:08:08]}
{[%emt 00:03:37]} 23. Rf6 {[%clk 00:15:01]} {[%emt 00:00:25]} Ba6 {[%clk
00:05:26]} {[%emt 00:03:11]} 24. Bh3 {[%clk 00:12:02]} {[%emt 00:03:29]} Re7
{[%clk 00:05:19]} {[%emt 00:00:37]} 25. Rxd6 {[%clk 00:11:11]} {[%emt
00:01:22]} Bxe2 {[%clk 00:03:18]} {[%emt 00:02:29]} 26. Rf2 {[%clk 00:07:55]}
{[%emt 00:03:46]} Bd3 {[%clk 00:01:20]} {[%emt 00:02:29]} 27. Rdf6 {[%clk
00:07:28]} {[%emt 00:00:58]} Bxe4 {[%clk 00:00:41]} {[%emt 00:01:08]} 28. d6
{[%clk 00:04:13]} {[%emt 00:03:45]} Rb7 {[%clk 00:01:07]} {[%emt 00:00:03]} 29.
d7 {[%clk 00:01:25]} {[%emt 00:03:19]} Bf5 {[%clk 00:00:38]} {[%emt 00:00:58]}
30. Bg2 {[%clk 00:00:48]} {[%emt 00:01:08]} Rxd7 {[%clk 00:00:43]} {[%emt
00:00:25]} 31. R6xf5 {[%clk 00:01:04]} {[%emt 00:00:15]} Rad8 {[%clk 00:00:34]}
{[%emt 00:00:38]} 32. R5f3 {[%clk 00:01:13]} {[%emt 00:00:22]} f5 {[%clk
00:00:41]} {[%emt 00:00:24]} 33. Bf1 {[%clk 00:01:40]} {[%emt 00:00:03]} Rd1
{[%clk 00:00:45]} {[%emt 00:00:26]} 34. Kg2 {[%clk 00:01:54]} {[%emt 00:00:15]}
R8d7 {[%clk 00:00:34]} {[%emt 00:00:41]} 35. Re3 {[%clk 00:02:11]} {[%emt
00:00:12]} Kf6 {[%clk 00:00:38]} {[%emt 00:00:27]} 36. Bc4 {[%clk 00:01:44]}
{[%emt 00:00:57]} R1d6 {[%clk 00:00:35]} {[%emt 00:00:32]} 37. Rfe2 {[%clk
00:02:06]} {[%emt 00:00:10]} Kg5 {[%clk 00:00:34]} {[%emt 00:00:31]} 38. Re6
{[%clk 00:01:02]} {[%emt 00:01:34]} Rxe6 {[%clk 00:00:34]} {[%emt 00:00:31]}
39. h4+ {[%clk 00:00:37]} {[%emt 00:00:55]} Kf6 {[%clk 00:00:36]} {[%emt
00:00:27]} 40. Rxe6+ {[%clk 00:01:04]} {[%emt 00:00:03]} Kg7 {[%clk 00:01:03]}
{[%emt 00:00:03]} 41. Kf3 {[%clk 00:01:18]} {[%emt 00:00:16]} Rc7 {[%clk
00:25:34]} {[%emt 00:05:59]} 42. Kf4 {[%clk 00:31:04]} {[%emt 00:00:43]} Rd7
{[%clk 00:25:36]} {[%emt 00:00:28]} 43. Ke5 {[%clk 00:31:21]} {[%emt 00:00:13]}
Rd4 {[%clk 00:25:32]} {[%emt 00:00:35]} 44. Re7+ {[%clk 00:31:45]} {[%emt
00:00:06]} Kf6+ 45. Kxf6 {[%clk 00:32:03]} Rd6+ {[%clk 00:25:38]} {[%emt
00:00:11]} 46. Be6 {[%clk 00:32:26]} {[%emt 00:00:07]} Rd8 {[%clk 00:26:00]}
{[%emt 00:00:06]} 47. Kxg6 {[%clk 00:32:49]} {[%emt 00:00:08]} 1-0

[Event "ODJM A 2025"]
[Site "Willingen GER"]
[Date "2025.06.08"]
[Round "1"]
[White "Nguyen, Phuc Nhat"]
[Black "Lutze, Max"]
[Result "0-1"]
[Termination "normal"]
[Board "3"]
[WhiteElo "1974"]
[BlackElo "2177"]
[WhiteClock "00:29:56"]
[BlackClock "00:37:11"]
[PlyCount "58"]
[WhiteFideId "16253590"]
[BlackFideId "34614850"]
[EventCountry "GER"]
[EventRounds "9"]
[EventType "swiss"]
[EventDate "2025.06.07"]

1. e4 {[%clk 01:30:55]} {[%emt 00:00:05]} c5 {[%clk 01:30:55]} {[%emt
00:00:06]} 2. Nf3 {[%clk 01:31:14]} {[%emt 00:00:09]} d6 {[%clk 01:31:20]}
{[%emt 00:00:07]} 3. d4 {[%clk 01:31:40]} {[%emt 00:00:04]} cxd4 {[%clk
01:31:45]} {[%emt 00:00:05]} 4. Nxd4 {[%clk 01:32:06]} {[%emt 00:00:03]} Nf6
{[%clk 01:32:11]} {[%emt 00:00:05]} 5. Nc3 {[%clk 01:32:31]} {[%emt 00:00:06]}
Nc6 {[%clk 01:32:37]} {[%emt 00:00:03]} 6. Bg5 {[%clk 01:32:31]} {[%emt
00:00:30]} e6 {[%clk 01:33:00]} {[%emt 00:00:08]} 7. Qd2 {[%clk 01:32:49]}
{[%emt 00:00:11]} a6 {[%clk 01:33:25]} {[%emt 00:00:06]} 8. O-O-O {[%clk
01:33:11]} {[%emt 00:00:07]} Be7 {[%clk 01:33:52]} {[%emt 00:00:05]} 9. Kb1
{[%clk 01:28:14]} {[%emt 00:05:25]} Nxd4 {[%clk 01:33:06]} {[%emt 00:01:16]}
10. Qxd4 {[%clk 01:25:50]} {[%emt 00:02:54]} h6 {[%clk 01:33:16]} {[%emt
00:00:20]} 11. Bd2 {[%clk 01:10:11]} {[%emt 00:16:09]} Qc7 {[%clk 01:25:58]}
{[%emt 00:07:48]} 12. h3 {[%clk 01:05:51]} {[%emt 00:04:49]} b5 {[%clk
01:22:20]} {[%emt 00:04:09]} 13. Rg1 {[%clk 01:03:59]} {[%emt 00:02:21]} Bb7
{[%clk 01:16:19]} {[%emt 00:14:29]} 14. Be3 {[%clk 01:00:42]} Rc8 {[%clk
01:10:09]} {[%emt 00:02:31]} 15. g4 {[%clk 00:57:02]} {[%emt 00:04:09]} b4
{[%clk 01:05:18]} {[%emt 00:05:21]} 16. Qxb4 {[%clk 00:56:20]} {[%emt
00:01:11]} Nxe4 {[%clk 00:58:58]} {[%emt 00:06:51]} 17. Bd3 {[%clk 00:50:04]}
{[%emt 00:06:45]} Nxc3+ {[%clk 00:55:40]} {[%emt 00:03:49]} 18. Qxc3 {[%clk
00:49:28]} {[%emt 00:01:06]} Qxc3 {[%clk 00:55:19]} {[%emt 00:00:52]} 19. bxc3
{[%clk 00:48:15]} {[%emt 00:01:42]} Bf6 {[%clk 00:54:39]} {[%emt 00:01:10]} 20.
c4 {[%clk 00:47:04]} {[%emt 00:01:41]} Bf3 {[%clk 00:52:29]} {[%emt 00:02:39]}
21. Rde1 {[%clk 00:46:45]} {[%emt 00:00:49]} Rb8+ {[%clk 00:51:55]} {[%emt
00:01:05]} 22. Kc1 {[%clk 00:47:13]} {[%emt 00:00:02]} Rb2 {[%clk 00:50:51]}
{[%emt 00:01:34]} 23. Kd2 {[%clk 00:42:56]} {[%emt 00:04:47]} Rxa2 {[%clk
00:42:15]} {[%emt 00:09:06]} 24. Rb1 {[%clk 00:42:43]} {[%emt 00:00:43]} Kd7
{[%clk 00:42:02]} {[%emt 00:00:42]} 25. Rb6 {[%clk 00:42:06]} {[%emt 00:01:07]}
Bd8 {[%clk 00:41:13]} {[%emt 00:01:20]} 26. Rbb1 {[%clk 00:40:26]} {[%emt
00:02:10]} Ba5+ {[%clk 00:40:51]} {[%emt 00:00:52]} 27. Kc1 {[%clk 00:40:55]}
{[%emt 00:00:01]} Bc3 {[%clk 00:37:42]} {[%emt 00:03:38]} 28. Rg3 {[%clk
00:30:10]} {[%emt 00:11:15]} Bc6 {[%clk 00:37:11]} {[%emt 00:01:02]} 29. Bd2
{[%clk 00:29:56]} {[%emt 00:00:43]} Bf6 {[%emt 00:08:03]} 0-1

[Event "ODJM A 2025"]
[Site "Willingen GER"]
[Date "2025.06.08"]
[Round "1"]
[White "Menzel, Maximilian"]
[Black "Pimenov, Danil"]
[Result "1-0"]
[Termination "normal"]
[Board "4"]
[WhiteElo "2199"]
[BlackElo "1945"]
[WhiteClock "00:02:59"]
[BlackClock "00:02:26"]
[PlyCount "85"]
[WhiteFideId "34617280"]
[BlackFideId "34600248"]
[EventCountry "GER"]
[EventRounds "9"]
[EventType "swiss"]
[EventDate "2025.06.07"]

1. d4 {[%clk 01:30:52]} {[%emt 00:00:08]} Nf6 {[%clk 01:30:53]} {[%emt
00:00:07]} 2. Nf3 {[%clk 01:31:18]} {[%emt 00:00:05]} g6 {[%clk 01:31:18]}
{[%emt 00:00:05]} 3. c4 {[%clk 01:30:32]} {[%emt 00:01:16]} Bg7 {[%clk
01:31:42]} {[%emt 00:00:05]} 4. Nc3 {[%clk 01:30:58]} {[%emt 00:00:06]} d6
{[%clk 01:31:16]} {[%emt 00:00:54]} 5. e4 {[%clk 01:31:22]} {[%emt 00:00:06]}
O-O {[%clk 01:31:30]} {[%emt 00:00:15]} 6. Be2 {[%clk 01:31:44]} {[%emt
00:00:08]} c5 {[%clk 01:31:43]} {[%emt 00:00:18]} 7. d5 {[%clk 01:28:02]}
{[%emt 00:04:12]} e6 {[%clk 01:32:00]} {[%emt 00:00:12]} 8. O-O {[%clk
01:28:16]} {[%emt 00:00:15]} exd5 {[%clk 01:32:27]} {[%emt 00:00:05]} 9. cxd5
{[%clk 01:27:57]} {[%emt 00:00:49]} Re8 {[%clk 01:31:39]} {[%emt 00:01:16]} 10.
Nd2 {[%clk 01:21:14]} {[%emt 00:07:15]} Na6 {[%clk 01:31:03]} {[%emt 00:01:06]}
11. f3 {[%clk 01:16:29]} {[%emt 00:05:15]} Rb8 {[%clk 01:30:29]} {[%emt
00:01:04]} 12. a4 {[%clk 01:12:16]} {[%emt 00:04:42]} Nb4 {[%clk 01:25:54]}
{[%emt 00:05:05]} 13. Nc4 {[%clk 01:11:21]} {[%emt 00:01:25]} Nh5 {[%clk
01:21:31]} {[%emt 00:04:52]} 14. Be3 {[%clk 00:58:53]} {[%emt 00:20:33]} f5
{[%clk 01:05:48]} {[%emt 00:08:39]} 15. Bf2 {[%clk 00:47:52]} {[%emt 00:11:31]}
a6 {[%clk 00:47:33]} {[%emt 00:18:45]} 16. Qd2 {[%clk 00:42:00]} {[%emt
00:06:22]} b6 {[%clk 00:43:50]} {[%emt 00:04:12]} 17. Kh1 {[%clk 00:37:50]}
{[%emt 00:04:40]} f4 {[%clk 00:42:24]} {[%emt 00:01:56]} 18. Rae1 {[%clk
00:28:09]} {[%emt 00:10:11]} Qe7 {[%clk 00:18:04]} {[%emt 00:24:50]} 19. g4
{[%clk 00:20:03]} {[%emt 00:08:37]} fxg3 {[%clk 00:18:14]} {[%emt 00:00:20]}
20. hxg3 {[%clk 00:20:27]} {[%emt 00:00:07]} Bd4 {[%clk 00:06:16]} {[%emt
00:12:28]} 21. Kg2 {[%clk 00:19:43]} {[%emt 00:01:13]} Bxf2 {[%clk 00:05:56]}
{[%emt 00:00:50]} 22. Rxf2 {[%clk 00:19:58]} {[%emt 00:00:15]} Bd7 {[%clk
00:02:38]} {[%emt 00:03:48]} 23. a5 {[%clk 00:15:32]} {[%emt 00:04:56]} b5
{[%clk 00:02:45]} {[%emt 00:00:23]} 24. Nb6 {[%clk 00:15:53]} {[%emt 00:00:10]}
Nf6 {[%clk 00:01:30]} {[%emt 00:01:44]} 25. Bf1 {[%clk 00:13:36]} {[%emt
00:02:48]} Bc8 {[%clk 00:00:54]} {[%emt 00:01:05]} 26. Nxc8 {[%clk 00:13:47]}
{[%emt 00:00:20]} Rbxc8 {[%clk 00:01:16]} {[%emt 00:00:08]} 27. Rfe2 {[%clk
00:10:14]} {[%emt 00:04:03]} Nd7 {[%clk 00:00:42]} {[%emt 00:01:03]} 28. f4
{[%clk 00:09:29]} {[%emt 00:01:16]} c4 {[%clk 00:00:56]} {[%emt 00:00:15]} 29.
Re3 {[%clk 00:09:05]} {[%emt 00:00:54]} Qd8 {[%clk 00:00:33]} {[%emt 00:00:53]}
30. Nxb5 {[%clk 00:08:12]} {[%emt 00:01:23]} axb5 {[%clk 00:00:40]} {[%emt
00:00:23]} 31. Qxb4 {[%clk 00:08:38]} {[%emt 00:00:04]} Rc5 {[%clk 00:00:54]}
{[%emt 00:00:16]} 32. Kg1 {[%clk 00:06:53]} {[%emt 00:02:15]} g5 {[%clk
00:00:42]} {[%emt 00:00:42]} 33. Bh3 {[%clk 00:06:23]} {[%emt 00:01:01]} Nf8
{[%clk 00:00:42]} {[%emt 00:00:29]} 34. Qc3 {[%clk 00:04:34]} {[%emt 00:02:19]}
gxf4 {[%clk 00:00:49]} {[%emt 00:00:22]} 35. gxf4 {[%clk 00:04:55]} {[%emt
00:00:10]} Qh4 {[%clk 00:00:59]} {[%emt 00:00:20]} 36. Rg3+ {[%clk 00:04:44]}
{[%emt 00:00:41]} Ng6 {[%clk 00:01:18]} {[%emt 00:00:10]} 37. f5 {[%clk
00:04:04]} {[%emt 00:01:11]} b4 {[%clk 00:01:10]} {[%emt 00:00:38]} 38. Qf3
{[%clk 00:03:44]} {[%emt 00:00:49]} Rf8 {[%clk 00:01:14]} {[%emt 00:00:27]} 39.
Qg2 {[%clk 00:03:35]} {[%emt 00:00:39]} c3 {[%clk 00:01:35]} {[%emt 00:00:09]}
40. fxg6 {[%clk 00:02:32]} {[%emt 00:01:34]} hxg6 {[%clk 00:01:44]} {[%emt
00:00:20]} 41. Be6+ {[%clk 00:02:19]} {[%emt 00:00:44]} Kg7 {[%clk 00:02:01]}
{[%emt 00:00:12]} 42. Rxg6+ {[%clk 00:02:41]} {[%emt 00:00:08]} Kh7 {[%clk
00:02:26]} {[%emt 00:00:05]} 43. Rg7+ {[%clk 00:02:59]} {[%emt 00:00:12]} 1-0

[Event "ODJM A 2025"]
[Site "Willingen GER"]
[Date "2025.06.08"]
[Round "1"]
[White "Schilling, Rumo"]
[Black "Weidenhöfer, Max"]
[Result "0-1"]
[Termination "normal"]
[Board "5"]
[BlackTitle "CM"]
[WhiteElo "1852"]
[BlackElo "2170"]
[WhiteClock "00:30:56"]
[BlackClock "00:28:41"]
[PlyCount "93"]
[WhiteFideId "16283139"]
[BlackFideId "16230566"]
[EventCountry "GER"]
[EventRounds "9"]
[EventType "swiss"]
[EventDate "2025.06.07"]

1. e4 {[%clk 01:30:58]} {[%emt 00:00:02]} c6 {[%clk 01:30:49]} {[%emt
00:00:11]} 2. d4 {[%clk 01:31:24]} {[%emt 00:00:04]} d5 {[%clk 01:31:11]}
{[%emt 00:00:08]} 3. exd5 {[%clk 01:31:46]} {[%emt 00:00:09]} cxd5 {[%clk
01:31:24]} {[%emt 00:00:16]} 4. Bd3 {[%clk 01:32:07]} {[%emt 00:00:10]} Nc6
{[%clk 01:31:32]} {[%emt 00:00:20]} 5. c3 {[%clk 01:32:34]} {[%emt 00:00:05]}
Nf6 {[%clk 01:30:48]} {[%emt 00:01:13]} 6. Bf4 {[%clk 01:29:15]} {[%emt
00:03:49]} Bg4 {[%clk 01:30:33]} {[%emt 00:00:45]} 7. Qb3 {[%clk 01:29:38]}
{[%emt 00:00:09]} Qd7 {[%clk 01:30:47]} {[%emt 00:00:15]} 8. Nd2 {[%clk
01:30:02]} {[%emt 00:00:06]} e6 {[%clk 01:30:56]} {[%emt 00:00:21]} 9. Ngf3
{[%clk 01:30:28]} {[%emt 00:00:04]} Bd6 {[%clk 01:29:26]} {[%emt 00:01:59]} 10.
Bxd6 {[%clk 01:30:42]} {[%emt 00:00:17]} Qxd6 {[%clk 01:29:48]} {[%emt
00:00:08]} 11. O-O {[%clk 01:31:03]} {[%emt 00:00:09]} O-O {[%clk 01:29:49]}
{[%emt 00:00:28]} 12. Rae1 {[%clk 01:30:28]} {[%emt 00:01:06]} Bxf3 {[%clk
01:23:50]} {[%emt 00:06:29]} 13. Nxf3 {[%clk 01:30:34]} {[%emt 00:00:23]} Qc7
{[%clk 01:24:08]} {[%emt 00:00:12]} 14. Qd1 {[%clk 01:17:50]} {[%emt 00:13:14]}
Rab8 {[%clk 01:18:54]} {[%emt 00:05:44]} 15. Qe2 {[%clk 01:14:42]} {[%emt
00:03:39]} Rfc8 {[%clk 01:14:00]} {[%emt 00:05:23]} 16. Ne5 {[%clk 01:12:51]}
{[%emt 00:02:22]} Nxe5 {[%clk 01:11:41]} {[%emt 00:02:48]} 17. dxe5 {[%clk
01:11:44]} {[%emt 00:09:13]} Nd7 {[%clk 01:11:53]} 18. f4 {[%clk 01:08:44]}
{[%emt 00:00:03]} g6 {[%clk 01:05:50]} {[%emt 00:02:42]} 19. Rf2 {[%clk
00:55:42]} {[%emt 00:13:34]} Nc5 {[%clk 01:03:32]} {[%emt 00:02:46]} 20. Bb1
{[%clk 00:48:47]} {[%emt 00:07:26]} b5 {[%clk 01:00:17]} {[%emt 00:03:44]} 21.
Qg4 {[%clk 00:40:00]} {[%emt 00:09:18]} b4 {[%clk 00:44:20]} {[%emt 00:16:26]}
22. f5 {[%clk 00:40:20]} {[%emt 00:00:10]} bxc3 {[%clk 00:41:41]} {[%emt
00:03:10]} 23. bxc3 {[%clk 00:23:56]} {[%emt 00:16:55]} exf5 {[%clk 00:34:56]}
{[%emt 00:07:13]} 24. Bxf5 {[%clk 00:22:35]} {[%emt 00:01:51]} Re8 {[%clk
00:35:00]} {[%emt 00:00:26]} 25. e6 {[%clk 00:18:52]} {[%emt 00:04:14]} fxe6
{[%clk 00:30:28]} {[%emt 00:05:03]} 26. Rxe6 {[%clk 00:19:16]} {[%emt
00:00:06]} Nxe6 {[%clk 00:14:55]} {[%emt 00:16:02]} 27. Bxe6+ {[%clk 00:19:37]}
{[%emt 00:00:10]} Kh8 {[%clk 00:15:18]} {[%emt 00:00:06]} 28. Qd4+ {[%clk
00:05:06]} {[%emt 00:15:01]} Qg7 {[%clk 00:15:47]} {[%emt 00:00:01]} 29. Qxg7+
{[%clk 00:05:25]} {[%emt 00:00:12]} Kxg7 {[%clk 00:16:15]} {[%emt 00:00:02]}
30. Rf7+ {[%clk 00:05:42]} {[%emt 00:00:13]} Kh6 {[%clk 00:16:33]} {[%emt
00:00:12]} 31. Bxd5 {[%clk 00:06:06]} {[%emt 00:00:05]} Rf8 {[%clk 00:13:24]}
{[%emt 00:03:39]} 32. Rxf8 {[%clk 00:02:38]} {[%emt 00:03:58]} Rxf8 {[%clk
00:13:52]} {[%emt 00:00:02]} 33. c4 {[%clk 00:02:48]} {[%emt 00:00:21]} Kg5
{[%clk 00:11:36]} {[%emt 00:02:45]} 34. Bf3 {[%clk 00:02:33]} {[%emt 00:00:45]}
Rc8 {[%clk 00:10:42]} {[%emt 00:01:24]} 35. Bd5 {[%clk 00:02:59]} {[%emt
00:00:05]} Kf4 {[%clk 00:10:03]} {[%emt 00:01:08]} 36. Kf2 {[%clk 00:03:11]}
{[%emt 00:00:19]} Rc5 {[%clk 00:05:10]} {[%emt 00:05:23]} 37. a4 {[%clk
00:02:12]} {[%emt 00:01:28]} Ra5 {[%clk 00:03:57]} {[%emt 00:01:43]} 38. Bc6
{[%clk 00:02:35]} {[%emt 00:00:07]} Ke5 {[%clk 00:01:39]} {[%emt 00:02:49]} 39.
Ke3 {[%clk 00:01:57]} {[%emt 00:01:09]} Kd6 {[%clk 00:01:58]} {[%emt 00:00:09]}
40. Bb5 {[%clk 00:02:14]} {[%emt 00:00:14]} a6 {[%clk 00:01:26]} {[%emt
00:01:01]} 41. Kd4 {[%clk 00:01:58]} {[%emt 00:00:46]} axb5 {[%clk 00:27:56]}
{[%emt 00:04:01]} 42. axb5 {[%clk 00:30:17]} {[%emt 00:02:11]} Ra2 {[%clk
00:28:10]} {[%emt 00:00:16]} 43. c5+ {[%clk 00:30:34]} {[%emt 00:00:13]} Kc7
{[%clk 00:28:35]} {[%emt 00:00:04]} 44. g4 {[%clk 00:30:29]} {[%emt 00:00:36]}
Rxh2 {[%clk 00:28:37]} {[%emt 00:00:28]} 45. Kd5 {[%clk 00:30:48]} {[%emt
00:00:11]} Rd2+ {[%clk 00:28:41]} {[%emt 00:00:25]} 46. Ke5 {[%clk 00:30:56]}
{[%emt 00:00:23]} Rb2 {[%clk 00:28:41]} {[%emt 00:00:30]} 47. Kd4 {[%emt
00:00:25]} 0-1